| 000 | 00679nam a2200133Ia 4500 | ||
|---|---|---|---|
| 008 | 171212s9999 xx 000 0 und d | ||
| 020 | _a9780833045652 | ||
| 100 | _aTreverton, Gregory F;Matthies, Carl;Cunningham, Karla J;Gouka, Jeremiah;Ridgeway, Greg | ||
| 245 |
_cTreverton, Gregory F;Matthies, Carl;Cunningham, Karla J;Gouka, Jeremiah;Ridgeway, Greg _aFilm Piracy, Organized Crime, and Terrorism |
||
| 260 |
_bRAND Corporation _c2009 |
||
| 650 | _aOrganized crime -- Social aspects; Terrorism -- Social aspects; Video recordings -- Pirated editions; Product counterfeiting; Piracy (Copyright) | ||
| 650 | _aPolitical Science | ||
| 856 | _uwww.jstor.org/stable/10.7249/mg742mpa | ||
| 999 |
_c352082 _d352082 |
||